|
|
|
|
| LEADER |
00000ngm a2200000 a 4500 |
| 001 |
vtls010647793 |
| 003 |
SK-MaSNL |
| 005 |
20260426000103.0 |
| 007 |
co cga auuua |
| 008 |
160430s2014 xo 053 s vlslo |
| 015 |
|
|
|a SNBJ2015
|
| 040 |
|
|
|a SNK
|b slo
|c SNK
|e AACR2
|
| 041 |
0 |
|
|a slo
|
| 043 |
|
|
|a e-xo---
|
| 044 |
|
|
|a xo
|c SK
|
| 072 |
|
7 |
|a 342
|x Ústavné právo. Správne právo
|2 konspekt
|
| 080 |
|
|
|a 342.721
|2 2001
|
| 080 |
|
|
|a 34
|2 2001
|
| 080 |
|
|
|a (437.6)
|2 2001
|
| 080 |
|
|
|a (0.034.44)
|2 2001
|
| 245 |
0 |
0 |
|a Ochrana osobných údajov po novele zákona (od 15.4.2014) a vyhlášky (od 1.5.2014)
|h elektronický zdroj
|c [lektor:] Marcela Macová
|
| 260 |
|
|
|a Žilina
|b Poradca podnikateľa
|c [2014]
|
| 300 |
|
|
|a 1 elektronický optický disk (DVD-ROM) (53 min.)
|b zvuk., fareb.
|c 12 cm
|
| 490 |
1 |
|
|a Školíme podstatné veci
|
| 500 |
|
|
|a Názov z titulnej obrazovky
|
| 516 |
|
|
|a Videoškolenie, súbor vo formáte wmv
|
| 538 |
|
|
|a Systémové požiadavky: multimediálny prehrávač
|
| 650 |
0 |
7 |
|a ochrana osobných údajov
|2 SNKPH
|9 2262
|
| 650 |
0 |
7 |
|a právne predpisy
|2 SNKPH
|9 1155
|
| 650 |
0 |
7 |
|a Personal data protection
|2 SNKPHeng
|9 318286
|
| 650 |
0 |
7 |
|a Legal regulations
|2 SNKPHeng
|9 278724
|
| 651 |
|
7 |
|a Slovensko
|2 SNKPH
|9 14231
|
| 651 |
|
7 |
|a Slovakia
|2 SNKPHeng
|9 92630
|
| 655 |
|
7 |
|a DVD
|2 SNKPH
|9 70751
|
| 655 |
|
7 |
|a videoškolenia
|2 SNKPH
|9 334334
|
| 655 |
|
7 |
|a Video training
|2 SNKPHeng
|9 334335
|
| 700 |
1 |
|
|a Macová, Marcela
|4 oth
|9 417194
|
| 830 |
|
0 |
|a Školíme podstatné veci
|9 334337
|
| 856 |
4 |
1 |
|u http://www.pp.sk
|
| 999 |
|
|
|c 845949
|d 847879
|
| 952 |
|
|
|a SNK
|b SNK
|y PREZ
|7 0
|p 17A1134960
|o snkSDVD 1864
|i snk2015/1472
|8 0
|0 0
|1 0
|4 0
|d 2015-01-19
|l 0
|r 2026-02-24 04:26:06
|w 2026-02-24
|